[Event "Monteros op 7th"]
[Site "Monteros"]
[Date "2017.08.20"]
[Round "4"]
[White "Ovejero, Jose Luis"]
[Black "Brizzi, Milagros Tatiana"]
[Result "0-1"]
[WhiteElo "1846"]
[BlackElo "2033"]
[PlyCount "100"]
[EventDate "2017.08.19"]
[EventType "swiss"]
[EventRounds "7"]
[EventCountry "ARG"]
[SourceTitle "EXT 2020"]
[Source "ChessBase"]
[SourceDate "2019.10.17"]
[SourceVersion "1"]
[SourceVersionDate "2019.10.17"]
[SourceQuality "1"]

1. e4 c5 2. Nf3 e6 3. d4 cxd4 4. Nxd4 a6 5. Bd3 Bc5 6. Nb3 Be7 7. 0-0 d6 8. f4 Nd7 9. Qf3 Ngf6 10. g4 h6 11. Bd2 g5 12. e5 dxe5 13. fxg5 hxg5 14. Nc3 Rf8 15. Ne4 Nxe4 16. Bxe4 Nc5 17. Ba5 Qd7 18. Rad1 Qa4 19. Nxc5 Bxc5+ 20. Kh1 Qxa5 21. Bxb7 Bxb7 22. Qxb7 Ra7 23. Qb8+ Ke7 24. Qxe5 f6 25. Qe4 Qc7 26. Rf3 Rh8 27. h3 Qb7 28. Qd3 Rxh3+ 29. Kg2 Qxf3+ 30. Qxf3 Rxf3 31. Kxf3 Rb7 32. b3 a5 33. Rh1 Kd6 34. Ke4 Rf7 35. Rd1+ Kc6 36. Rd8 Bd6 37. Rg8 f5+ 38. Kf3 fxg4+ 39. Kxg4 Bf4 40. Ra8 Kb6 41. c4 e5 42. a4 e4 43. c5+ Kxc5 44. Rxa5+ Kc6 45. Ra8 Rb7 46. a5 Rxb3 47. Re8 e3 48. a6 Kb6 49. Re6+ Ka7 50. Kf3 Rb6 0-1